<?xml version='1.0'?>
<collection xmlns='http://www.loc.gov/MARC21/slim'
      xmlns:xsi='http://www.w3.org/2001/XMLSchema-instance'
      xsi:schemaLocation="http://www.loc.gov/MARC21/slim http://www.loc.gov/standards/marcxml/schema/MARC21slim.xsd">
<record><leader>03147nam a2200469 i 4500</leader><controlfield tag='001'>10.3998/mpub.13282652</controlfield><controlfield tag='003'>MiU</controlfield><controlfield tag='005'>20260331131036.0</controlfield><controlfield tag='006'>m     o  d        </controlfield><controlfield tag='007'>cr#unu||||||||</controlfield><controlfield tag='008'>260331t20262026mau     ob    000 0 eng d</controlfield><datafield ind1=' ' ind2=' ' tag='020'><subfield code='z'>9798895060308</subfield><subfield code='q'>[paperback]</subfield></datafield><datafield ind1=' ' ind2=' ' tag='020'><subfield code='a'>9798895060315</subfield><subfield code='q'>[open access ebook]</subfield></datafield><datafield ind1='7' ind2=' ' tag='024'><subfield code='a'>10.3998/mpub.13282652</subfield><subfield code='2'>doi</subfield></datafield><datafield ind1=' ' ind2=' ' tag='040'><subfield code='a'>EYM</subfield><subfield code='b'>eng</subfield><subfield code='e'>rda</subfield><subfield code='e'>pn</subfield><subfield code='c'>EYM</subfield></datafield><datafield ind1='1' ind2=' ' tag='041'><subfield code='a'>eng</subfield><subfield code='h'>spa</subfield></datafield><datafield ind1=' ' ind2='4' tag='050'><subfield code='a'>PS1541.A5</subfield></datafield><datafield ind1='0' ind2='4' tag='082'><subfield code='a'>811.4</subfield></datafield><datafield ind1='1' ind2=' ' tag='100'><subfield code='a'>Blanco, Alberto,</subfield><subfield code='d'>1951-</subfield><subfield code='e'>author.</subfield></datafield><datafield ind1='1' ind2='0' tag='245'><subfield code='a'>Amherst suite :</subfield><subfield code='b'>Emily Dickinson, Spanish translation and poetic transcreation /</subfield><subfield code='c'>Alberto Blanco ; translated and edited by Jennifer Rathbun ; with an introduction by Ilan Stavans.</subfield></datafield><datafield ind1=' ' ind2='1' tag='264'><subfield code='a'>Amherst, Massachusetts  :</subfield><subfield code='b'>Amherst College Press,</subfield><subfield code='c'>[2026]</subfield></datafield><datafield ind1=' ' ind2='4' tag='264'><subfield code='c'>©2026.</subfield></datafield><datafield ind1=' ' ind2=' ' tag='300'><subfield code='a'>1 online resource (234 pages)</subfield></datafield><datafield ind1=' ' ind2=' ' tag='336'><subfield code='a'>text</subfield><subfield code='b'>txt</subfield><subfield code='2'>rdacontent</subfield></datafield><datafield ind1=' ' ind2=' ' tag='337'><subfield code='a'>computer</subfield><subfield code='b'>c</subfield><subfield code='2'>rdamedia</subfield></datafield><datafield ind1=' ' ind2=' ' tag='338'><subfield code='a'>online resource</subfield><subfield code='b'>cr</subfield><subfield code='2'>rdacarrier</subfield></datafield><datafield ind1=' ' ind2=' ' tag='504'><subfield code='a'>Includes bibliographical references and index.</subfield></datafield><datafield ind1='0' ind2=' ' tag='506'><subfield code='a'>Open access</subfield></datafield><datafield ind1=' ' ind2=' ' tag='520'><subfield code='a'>Amherst Suite: Emily Dickinson, Spanish Translation &amp; Poetic Transcreation is a dialogue between Emily Dickinson and Alberto Blanco, one of Mexico&apos;s most acclaimed contemporary poets. At the book&apos;s heart is a selection of Dickinson&apos;s most emblematic poems, masterfully translated into Spanish by Blanco--fifty-five poems to celebrate each year of Emily Dickinson&apos;s life. Following these translations is Blanco&apos;s collection of original poems dedicated to Dickinson, &quot;Amherst Suite,&quot; translated into English by Jennifer Rathbun for the first time. Opening with a creative essay by renowned author Ilan Stavans, the volume also includes a conversation between Blanco and scholar Ronald J. Friis; Blanco&apos;s own essay on Dickinson, translated into English by Jennifer Rathbun; as well as an introduction by Rathbun that situates this interlinguistic, intercultural, and inter-generational network. Amherst Suite is a fascinating and unique look into the work and worlds of poets and their translators and will be an invaluable text for students, scholars, and all readers of Emily Dickinson.</subfield></datafield><datafield ind1=' ' ind2=' ' tag='542'><subfield code='f'>This work is licensed uner the Creative Commons Attribution-NonCommercial-NoDerivatives 4.0 International License</subfield><subfield code='u'>http://creativecommons.org/licenses/by-nc-nd/4.0</subfield></datafield><datafield ind1=' ' ind2=' ' tag='588'><subfield code='a'>Description based on information from the publisher.</subfield></datafield><datafield ind1='1' ind2='0' tag='600'><subfield code='a'>Dickinson, Emily,</subfield><subfield code='d'>1830-1886.</subfield><subfield code='t'>Works.</subfield><subfield code='k'>Selections.</subfield><subfield code='l'>Spanish.</subfield></datafield><datafield ind1='1' ind2='0' tag='600'><subfield code='a'>Dickinson, Emily,</subfield><subfield code='d'>1830-1886</subfield><subfield code='x'>Criticism and interpretation.</subfield></datafield><datafield ind1='1' ind2='0' tag='600'><subfield code='a'>Blanco, Alberto,</subfield><subfield code='d'>1951-</subfield><subfield code='t'>Poems.</subfield><subfield code='k'>Selections.</subfield><subfield code='l'>English.</subfield></datafield><datafield ind1=' ' ind2='4' tag='655'><subfield code='a'>Electronic books.</subfield></datafield><datafield ind1='1' ind2=' ' tag='700'><subfield code='a'>Rathbun, Jennifer,</subfield><subfield code='e'>translator,</subfield><subfield code='e'>editor.</subfield><subfield code='1'>https://id.oclc.org/worldcat/entity/E39PCjt3HXg9kVHM8gxr9DXjYd</subfield></datafield><datafield ind1='1' ind2=' ' tag='700'><subfield code='a'>Stavans, Ilan,</subfield><subfield code='e'>author of introduction.</subfield><subfield code='1'>https://id.oclc.org/worldcat/entity/E39PBJy4884PgmtywHJtwD3bBP</subfield></datafield><datafield ind1='2' ind2=' ' tag='710'><subfield code='a'>Michigan Publishing (University of Michigan),</subfield><subfield code='e'>publisher.</subfield></datafield><datafield ind1='4' ind2='0' tag='856'><subfield code='u'>https://doi.org/10.3998/mpub.13282652</subfield><subfield code='7'>0</subfield></datafield><datafield ind1=' ' ind2=' ' tag='914'><subfield code='a'>No-worldcat</subfield></datafield><datafield ind1=' ' ind2=' ' tag='915'><subfield code='a'>RecordExternalImport</subfield></datafield><datafield ind1=' ' ind2=' ' tag='933'><subfield code='a'>MPubCataloging</subfield></datafield></record>
</collection>